000 00343nam a2200133Ia 4500
005 20260328101444.0
008 260328s9999||||xx |||||||||||||| ||und||
100 _aPini, Ivonne
245 0 _aArte y Arquitectura Latinoamericana /
_cIvonne Pini
260 _bUniversidad Nacional de Colombia
300 _a189 p.
650 _aARTE
942 _cBK
999 _c8383
_d8383